| 000 | 03595cgm a2200733Ia 4500 | ||
|---|---|---|---|
| 001 | ocn461311435 | ||
| 003 | OCoLC | ||
| 005 | 20241220124450.0 | ||
| 008 | 091030s2010 cau107 vleng d | ||
| 007 | vd cvaizq | ||
| 040 |
_aTEFMT _cTEFMT _dTEF _dBTCTA _dTEFMT _dTEF _dUINTA |
||
| 020 | _a1419881302 | ||
| 020 | _a9781419881305 | ||
| 024 | 1 | _a794043132353 | |
| 035 | _a(OCoLC)461311435 | ||
| 037 |
_bMidwest Tape _nhttp://www.midwesttapes.com |
||
| 041 | 1 |
_aeng _jeng _jspa _heng |
|
| 043 | _an-us--- | ||
| 050 | 1 | 4 |
_aPN1997.2 _b.T56 2010 |
| 082 | 0 | 4 |
_a791.43/72 _222 |
| 049 | _aUCLB | ||
| 092 | _a791.437 | ||
| 245 | 0 | 4 |
_aThe time traveler's wife _h[videorecording] / _cNew Line Cinema presents a Plan B/Nick Wechsler production, a Robert Schwentke film ; produced by Nick Wechsler, Dede Gardner ; screenplay by Bruce Joel Rubin ; directed by Robert Schwentke. |
| 260 |
_a[Burbank, CA] : _bNew Line Home Entertainment : _bDistributed by Warner Home Video, _c[2010] |
||
| 300 |
_a1 videodisc (107 min.) : _bsd., col. ; _c4 3/4 in. |
||
| 538 | _aDVD, widescreen; Dolby Digital. | ||
| 546 | _aEnglish dialogue; English or Spanish subtitles; English subtitles for the deaf and hard of hearing. | ||
| 500 | _aTitle from container. | ||
| 511 | 1 | _aRachel McAdams, Eric Bana, Arliss Howard, Ron Livingston. | |
| 508 | _aDirector of photography, Florian Ballhaus ; editor, Thom Noble ; music, Mychael Danna. | ||
| 500 | _aBased on the novel by Audrey Niffenegger. | ||
| 500 | _aOriginally released as a motion picture in 2009. | ||
| 521 | 8 | _aMPAA rating: PG-13; thematic elements, brief disturbing images, nudity, and sexuality. | |
| 520 | _aClare has been in love with Henry her entire life. She believes they are destined to be together, even though she never knows when they will be separated: Henry is a time traveler, cursed with a rare genetic anomaly that causes him to live his life on a shifting timeline, skipping back and forth through his lifespan with no control. Despite the fact that Henry's travels force them apart with no warning, Clare desperately tries to build a life with her one true love. | ||
| 500 | _aSpecial features: "The time traveler's wife, love beyond words" cast and crew recount this popular tale's journey. | ||
| 650 | 0 |
_aTime travel _vDrama. _95710993 |
|
| 650 | 0 |
_aLibrarians _zUnited States _vDrama. _96511475 |
|
| 650 | 0 |
_aMarried women _zUnited States _vDrama. _95759128 |
|
| 650 | 0 |
_aSeparation (Psychology) _zUnited States _vDrama. _96511476 |
|
| 650 | 0 |
_aMan-woman relationships _zUnited States _vDrama. _95695933 |
|
| 650 | 0 |
_aGenetic disorders _zUnited States _vDrama. _96511477 |
|
| 655 | 0 |
_aRomance films. _95675183 |
|
| 655 | 0 |
_aScience fiction films. _96202856 |
|
| 655 | 0 |
_aVideo recordings for the hearing impaired. _96202857 |
|
| 655 | 0 |
_aFeature films. _96202858 |
|
| 700 | 1 |
_aWechsler, Nick. _962984 |
|
| 700 | 1 |
_aGardner, Dede. _974035 |
|
| 700 | 1 |
_aRubin, Bruce Joel. _934904 |
|
| 700 | 1 |
_aSchwentke, Robert, _d1968- _973891 |
|
| 700 | 1 |
_aMcAdams, Rachel, _d1976- _971048 |
|
| 700 | 1 |
_aBana, Eric. _967996 |
|
| 700 | 1 |
_aHoward, Arliss. _958714 |
|
| 700 | 1 |
_aLivingston, Ron. _966934 |
|
| 700 | 1 |
_aDanna, Mychael. _916212 |
|
| 700 | 1 |
_aNiffenegger, Audrey. _tTime traveler's wife. _96202859 |
|
| 710 | 2 |
_aNew Line Cinema Corporation. _94030 |
|
| 710 | 2 |
_aPlan B (Firm) _95898562 |
|
| 710 | 2 |
_aNew Line Home Entertainment (Firm) _966832 |
|
| 710 | 2 |
_aWarner Home Video (Firm) _961103 |
|
| 938 |
_aBaker and Taylor _bBTCP _nBEDDTHE 1000095233 |
||
| 942 |
_cDVD _0332 |
||
| 994 |
_aC0 _bUINTA |
||
| 998 | _aa131229 | ||
| 999 |
_c66780 _d66780 |
||